Political thought in modern India / (Record no. 124374)

MARC details
000 -LEADER
fixed length control field 00818nam a22002297a 4500
005 - DATE AND TIME OF LATEST TRANSACTION
control field 20170124105938.0
010 ## - LIBRARY OF CONGRESS CONTROL NUMBER
LC control number A-285742
020 ## - INTERNATIONAL STANDARD BOOK NUMBER
Terms of availability 00.00
International Standard Book Number 0803995032
035 ## - SYSTEM CONTROL NUMBER
System control number A-285742
037 ## - SOURCE OF ACQUISITION
Source of stock number/acquisition Cen Lib/Ret
040 ## - CATALOGING SOURCE
Original cataloging agency DPL
Language of cataloging EN
082 ## - DEWEY DECIMAL CLASSIFICATION NUMBER
Classification number 320.10954
Item number PAN
245 ## - TITLE STATEMENT
Title Political thought in modern India /
Statement of responsibility, etc Edited by Thomas Pantham [and] Kenneth L. Deutsch
260 ## - PUBLICATION, DISTRIBUTION, ETC. (IMPRINT)
Place of publication, distribution, etc New Delhi
Name of publisher, distributor, etc Sage Publications
Date of publication, distribution, etc 1986
270 ## - ADDRESS
Address M 32 Greater Kailash Market I
City New Delhi
Postal code 110048
300 ## - PHYSICAL DESCRIPTION
Extent 362p.
Dimensions 22cm(Hb)
650 ## - SUBJECT ADDED ENTRY--TOPICAL TERM
Topical term or geographic name as entry element Political science
9 (RLIN) 10545
650 ## - SUBJECT ADDED ENTRY--TOPICAL TERM
Topical term or geographic name as entry element India
9 (RLIN) 10546
650 ## - SUBJECT ADDED ENTRY--TOPICAL TERM
Topical term or geographic name as entry element धर्म
Form subdivision शब्दकोश
9 (RLIN) 559
650 ## - SUBJECT ADDED ENTRY--TOPICAL TERM
Topical term or geographic name as entry element कामाख्या मंदिर-पौराणिक सूचना
Form subdivision शब्दकोश
9 (RLIN) 2313
942 ## - ADDED ENTRY ELEMENTS (KOHA)
Source of classification or shelving scheme Dewey Decimal Classification
Koha item type English Books
Classification part 320.10954
Call number suffix PAN
Holdings
Withdrawn status Lost status Damaged status Not for loan Home library Current library Date acquired Source of acquisition Cost, normal purchase price Total Checkouts Total Renewals Full call number Barcode Date last seen Date checked out Copy number Cost, replacement price Price effective from Koha item type
        Central Library Central Library 16/06/2015 Cen Lib/Ret 0.00 5 3 320.10954 PAN A-285742 08/03/2024 04/03/2024 1 0.00 16/06/2015 English Books

© Delhi Public Library
Hit Counter
free hit counter